Ministère de la guerre. Règlement sur le service des canons de 80 et de 90

Detalles Bibliográficos
Formato: Libro
Publicado: París 1890
Materias:
Colección:Banco de datos
Acervo:Biblioteca Nacional de Antropología e Historia. Fondo Conventual
Tema general:Derecho Eclesiástico
Notas:Regular. XIV, 5, 26. La pasta superior presenta: Librairie militaire de L. Baudouin et ce. No pertenece al Seminario de Morelia.
LEADER 00748nam a22001810004500
035 |a 6536 
036 |a 1141 
245 1 0 |a Ministère de la guerre. Règlement sur le service des canons de 80 et de 90 
260 |a París  |b Imprimer nationale  |c 1890 
500 |a Regular. XIV, 5, 26. La pasta superior presenta: Librairie militaire de L. Baudouin et ce. No pertenece al Seminario de Morelia. 
650 1 0 |a Derecho Eclesiástico 
949 |a B.N.A.H. 
959 |a Biblioteca Nacional de Antropología e Historia. Ciudad de México  |b CCC1 
960 |a Seminario de Morelia  |b DD56 
961 |a Casa de formación del Clero Secular  |b CS 
942 |c B.N.A.H. 
943 |g Biblioteca Nacional de Antropología e Historia. Fondo Conventual 
999 |c 1031068  |d 1031068